| 000 | 01229nam0a2200337 4500 | ||
|---|---|---|---|
| 001 | RU\NLR\ONL2\14288 | ||
| 005 | 20250806203111.0 | ||
| 035 | _a(NLR Aleph) 009661873 | ||
| 090 |
_a82230 _c82230 |
||
| 100 | _a20090617d1945 u y0rusy50 ca | ||
| 101 | 0 | _aaze | |
| 102 | _aAZ | ||
| 105 | _ay ||||||||| | ||
| 200 | 1 |
_aӘсәрләри _fМолла Пәнаh Вагиф _gред. и предисл. h.Араслы _gССРИ ЕА. Аз. фил. Низами ад. Әдәб. вә дил ин-ту |
|
| 210 |
_aБакы _cЕААз. Фил. _d1945 |
||
| 215 |
_a276 с. _d22 |
||
| 320 | _aСловарь: с. 261-267 | ||
| 320 | _aПеречень историко-геогр. терминов: с. 268-272 | ||
| 541 | 1 |
_6z01790 _aСочинения _zrus |
|
| 686 | 1 | _aШ6(2=Аз)5-5 | |
| 700 | 1 |
_aВагиф _bМ. П. _gМолла Пәнаh _4070 |
|
| 702 | 1 |
_aАраслы _bh. _4340 |
|
| 790 | 1 |
_6z01541 _aВагиф _bМ. П. _gМолла Панах _4070 |
|
| 801 | 0 |
_aRU _bNLR _c20090624 _gPSBO |
|
| 852 |
_aNLR _bОНЛ _jАзерб./3-2545 |
||
| 942 | _cBOOK | ||
| 945 | _aРоссийская национальная библиотека | ||
| 980 | _aBV | ||
| 980 | _aONL_RF | ||